| 000 | 00486nam a22001817a 4500 | ||
|---|---|---|---|
| 005 | 20180907165902.0 | ||
| 010 | _aB-216825 | ||
| 020 | _c75.00 | ||
| 035 | _aB-216825 | ||
| 037 | _bKitab Mahal | ||
| 082 | _a651.7 | ||
| 100 | _aVasishth, Neeru | ||
| 245 |
_aBusiness Communication/ _cby Neeru Vasishth |
||
| 260 |
_aNew Delhi _bKitab Mahal _c2006 |
||
| 300 |
_a226p. _c24cm.(Pbk) |
||
| 942 |
_2ddc _cEN _h651.7 VAS |
||
| 999 |
_c157171 _d157171 |
||